|
|
|
|
| LEADER |
00000cac a2200000 a 4500 |
| 001 |
85213 |
| 003 |
Ucuenca |
| 005 |
20230308212121.0 |
| 008 |
000000|1986 ec |||||r|||||||||||spa|| |
| 040 |
|
|
|b spa
|
| 041 |
0 |
|
|a spa
|
| 082 |
0 |
|
|a 001.42
|
| 100 |
1 |
|
|a Jaramillo, Marco.
|9 183467
|
| 245 |
|
|
|a Metodología de la investigación científica
|c Marco Jaramillo
|h imp
|
| 264 |
|
|
|a Quito
|b Universidad Central del Ecuador
|c 1986
|
| 300 |
|
|
|a 114 páginas:
|c 21.5 cm
|
| 490 |
|
|
|a Cuadernos de Economía
|n no. 1
|
| 650 |
1 |
0 |
|a Investigación científica
|9 893
|
| 650 |
1 |
0 |
|a Metodología
|9 7393
|
| 852 |
|
|
|a UC-CDJBV
|f Compra
|l 1
|m General
|p 00000000
|r 2
|t 85213
|b 0
|d CDRC
|e CDRC
|g 001.42
|z 0000-00-00
|
| 942 |
|
|
|z lucia.mora@ucuenca.edu.ec
|
| 999 |
|
|
|c 121008
|d 121008
|